Statistiques concernant Films commençant par G par images

Cliquez ici pour prendre le quiz!

Statistiques générales

  • Ce quiz a été pris 765 fois
  • Le résultat moyen est 12 sur 24

Statistiques - réponses

Réponse% Correct
Gladiator
96%
Le Grinch
95%
Les Gardiens de la Galaxie
88%
Godzilla
85%
Le Gendarme de Saint Tropez
79%
Grease
74%
Gremlins
74%
La Grande Vadrouille
73%
La Guerre des boutons
65%
Le Grand bain
61%
Gravity
52%
Gran Torino
47%
The Grand Budapest hotel
47%
Le Grand Bleu
40%
Germinal
39%
Gran Turismo
36%
Gainsbourg vie héroïque
32%
Good morning Vietnam
30%
Glass
26%
Gazon Maudit
19%
Good Morning England
13%
Les Garçons et Guillaume, à table !
11%
Le Grand Chemin
7%
Guerre et Paix
3%

Distribution des résultats

Percentile par nombre de réponses

% des personnes avec chaque résultat

Votre développement - résultats

Vous n’avez pas pris ce quiz